Olympian Gods: Greek or Roman? - Statistics

General Stats
  • This quiz has been taken 1,154 times
  • The average score is 18 of 20
Answer Stats
Question Answer % Correct
Zeus Greek
98%
Aphrodite Greek
97%
Mars Roman
97%
Poseidon Greek
96%
Dionysus Greek
94%
Hera Greek
94%
Hermes Greek
94%
Artemis Greek
94%
Hephaestus Greek
93%
Ares Greek
92%
Mercury Roman
92%
Vulcan Roman
92%
Pluto Roman
91%
Juno Roman
90%
Hestia Greek
86%
Vesta Roman
85%
Demeter Greek
84%
Bacchus Roman
82%
Diana Roman
74%
Ceres Roman
51%
No matching quizzes found
Score Distribution
Percent of People with Each Score
Percentile by Number Answered
Your Score History
You have not taken this quiz